Y tri hyn: sef y Parchedigion Owen Evans, Llundain, David Evans, Caerfyrddin, Thomas Evans, Amlwch.
Saved in:
| Main Author: | |
|---|---|
| Format: | Book |
| Language: | Welsh |
| Published: |
Lerpwl,
Hugh Evans a'i Feibion,
1931.
|
| Subjects: | |
| Tags: |
Add Tag
No Tags, Be the first to tag this record!
|
| LEADER | 00647nam a2200193K 4500 | ||
|---|---|---|---|
| 001 | 005384653-2 | ||
| 005 | 20020606163548.3 | ||
| 008 | 950307s1931 enk 000 0 wel d | ||
| 035 | 0 | |a ocm78109170 | |
| 040 | |a HLS |c HLS | ||
| 100 | 1 | |a Evans, R. O., |c of Sammah. | |
| 245 | 1 | 2 | |a Y tri hyn: sef y Parchedigion Owen Evans, Llundain, David Evans, Caerfyrddin, Thomas Evans, Amlwch. |c Gan y Parch. R.O. Evans, Castell Nedd. |
| 260 | |a Lerpwl, |b Hugh Evans a'i Feibion, |c 1931. | ||
| 300 | |a p. |b Ports. |c 22 cm. | ||
| 600 | 1 | 0 | |a Evans, Owen, |c of London. |
| 600 | 1 | 0 | |a Evans, David, of Caerfyrddin. |
| 600 | 1 | 0 | |a Evans, Thomas, of Amlwch. |
| 988 | |a 20020608 | ||
| 906 | |0 MH | ||


